000 00571nam a2200205Ia 4500
001 ist/163-41127
003 IT-MiCISF
008 161014s9999||||xx |||||||||||||| ||und||
040 _aIT-MiCISF
_cIT-MiCISF
041 _ait
100 _aAA.VV.
245 0 _aMovimento migratorio della popolazione residente
250 _a1a ed.
260 _a Roma
_bIstat
_c2005
300 _app. 217
500 _aIstituto Nazionale di Statistica / popolazione, statistica, famiglia-migranti / documento
650 _apopolazione
942 _cBK
957 _71
999 _a41127
_bsi
_g1
_c208914
_d208914